[Event "XII Americas Continental-ch 2017"]
[Site "Medellin"]
[Date "2017.06.11"]
[Round "2"]
[White "Del Castilho, Martyn"]
[Black "Vasquez Schroeder, Rodrigo"]
[Result "0-1"]
[WhiteElo "2254"]
[BlackElo "2553"]
[Annotator "TA"]
[PlyCount "116"]
[EventDate "2017.??.??"]
[EventType "swiss"]
[EventCountry "COL"]
[SourceTitle "playchess.com"]
[Source "ChessBase"]
[SourceQuality "1"]

{[%evp 20,116,11,-15,45,31,18,-6,0,-10,0,-56,-40,-29,-8,-13,-15,-40,0,0,0,0,0,0,0,-45,-69,-69,0,0,43,54,68,66,152,149,144,137,364,364,362,362,539,533,534,514,523,506,504,502,1031,535,451,124,95,128,111,88,182,102,88,0,57,57,57,57,59,57,57,39,39,31,39,38,55,-15,-15,-28,-45,-56,-34,-37,-47,-106,-95,-82,-81,-261,-252,-275,-276,-262,-253,-404,-366,-469,-462,-454,-404]} 1. e4 c5 2. Nf3 e6 3. d4 cxd4 4. Nxd4 a6 5. Nc3 Qc7 6. g3 {[%cal Bg2g3,Bg3g4,Bg4g5][%mdl 32]} Nf6 7. Bg2 d6 8. O-O Be7 9. f4 {[%cal Bf2f4,Bf4f5][%mdl 32]} O-O 10. g4 Nc6 11. Nb3 {[#] LiveBook: 16 Games. B80: Sicilian Scheveningen: 6 g3 and 6 Be3, including English Attack} g6 (11... d5 $1 $11 {[%mdl 512]}) (11... b5 12. g5 Nd7 13. a3 Bb7 14. f5 Rae8 15. Qh5 Nce5 16. Nd4 exf5 17. exf5 Bd8 18. Bf4 Bxg2 19. Kxg2 Qb7+ 20. Kh3 Bb6 21. Rad1 g6 {½-½ (35) Alekseev,E (2710)-Adhiban,B (2567) Tromsoe 2013}) 12. g5 Nh5 13. f5 {The position is equal.} Ne5 $146 ({Predecessor:} 13... f6 14. fxe6 Bxe6 15. Nd5 Qd8 16. gxf6 Bxf6 17. Bh6 {½-½ (54) Ererdem,G (1902)-Arig,B (1740) Akhisar Manisa 2009}) 14. f6 Bd8 15. Kh1 (15. a4 $11) 15... b5 (15... h6 $5) 16. Ne2 h6 17. Nf4 Nxf4 18. Rxf4 hxg5 19. Rf1 Kh7 $1 20. Bxg5 Rh8 $1 21. Rf4 {And now Qe1 would win.} Kg8 22. Rh4 Rxh4 23. Bxh4 Bb7 (23... Nd7 $1 $15 24. Qd4 Bb7) 24. Qd2 $1 $11 {[%cal Rd2h6] White wants to mate with Qh6.} Kh7 25. Bg5 {[%cal Bh4g5,Bg5f4,Bf4e5][%mdl 32]} Kg8 26. Qf2 Kf8 (26... Nd7 $14) 27. Qh4 $16 {[%cal Rh4h8]} Ke8 28. Bf4 $1 {[%cal Rf4e5] Strongly threatening Bxe5.} Kd7 $2 (28... Qxc2 $2 29. Bxe5 dxe5 30. Rc1 $18) (28... Nc4 $16 {was called for.}) 29. Bxe5 $1 $18 dxe5 30. Rd1+ Kc6 (30... Kc8 $142 31. Qh8 Bc6) 31. Qf2 {[%csl Gb3][%cal Rf2c5]} Bc8 {If only Black now had time for ...Kb7....} 32. Qd2 Bxf6 33. Na5+ Kb6 34. b4 Qe7 (34... Ka7 $142 35. Qf2+ Kb8 36. Qxf6 Ra7) 35. c4 Bb7 36. c5+ $2 (36. Qd7 $18 {is the precise move to win. c5+ would kill now.} Rc8 37. c5+ (37. Nxb7 Rc7 $11) 37... Ka7 38. Nxb7) 36... Kc7 $16 {next ...Rd8 is good for Black.} 37. c6 $1 {[%mdl 1024] White has strong compensation.} Bc8 38. Qc3 {Black must now prevent Rd7+!} Rb8 {[#]} (38... Ra7 $16 {was worth a try.}) 39. Qe3 (39. Rf1 $1 $18) 39... Rb6 40. Qc3 (40. Rf1 $16) 40... Bg7 (40... Rb8 $1 $11) 41. a3 $14 f6 42. Qg3 g5 43. Qc3 g4 44. Qg3 f5 $1 45. h3 gxh3 46. Qxh3 Qf6 47. Qh5 ({Better is} 47. Qc3 $14) 47... Qh6 $11 48. Qxh6 Bxh6 49. Kh2 Rb8 50. Kg3 Be3 51. Rh1 (51. Kh4 $15) 51... f4+ $17 52. Kf3 Bb6 {...Bxa5 is the strong threat.} 53. Rc1 $2 {[#]} (53. Rh7+ $17 Kd6 54. Rh8) 53... Bxa5 $1 $19 54. bxa5 b4 55. axb4 Rxb4 56. Rh1 (56. Rc3 $142) 56... Ra4 57. Rh8 Rxa5 58. Bh3 Rc5 {Precision: White = 43%, Black = 50%.} 0-1

[Event "XII Americas Continental-ch 2017"]
[Site "Medellin"]
[Date "2017.06.11"]
[Round "2"]
[White "Garavito, Miguel Angel"]
[Black "Peralta, Fernando"]
[Result "0-1"]
[WhiteElo "2247"]
[BlackElo "2569"]
[Annotator "TA"]
[PlyCount "114"]
[EventDate "2017.??.??"]
[EventType "swiss"]
[EventCountry "COL"]
[SourceTitle "playchess.com"]
[Source "ChessBase"]
[SourceQuality "1"]

{[%evp 13,114,16,12,-9,-2,-6,-6,-11,-9,-42,-36,-41,-35,-35,-35,-35,-35,-35,-31,-29,-31,-54,-45,-47,-48,-45,-46,-52,-51,-58,-54,-114,-110,-157,-153,-152,-155,-169,-169,-199,-203,-204,-205,-193,-165,-162,-168,-164,-165,-171,-173,-169,-158,-201,-199,-202,-177,-199,-160,-237,-235,-242,-180,-225,-231,-239,-232,-326,-326,-317,-322,-487,-457,-609,-606,-692,-683,-4698,-2068,-29966,-29969,-29969,-29970,-29970,-29971,-29973,-29973,-29973,-29974,-29974,-29975,-29975,-29976,-29975,-29976,-29975,-29976,-29975,-29975,-29973,-29975,-29974,-29974]} 1. d4 Nf6 2. Nf3 d5 3. c4 e6 4. g3 Bb4+ 5. Bd2 Be7 6. Bg2 O-O 7. O-O Nbd7 8. cxd5 {E11: Bogo-Indian} (8. Qc2 c6 9. Rd1 b6 10. b3 a5 11. Bc3 Ne4 12. Ne5 Nxe5 13. Bxe4 f5 14. Bxd5 exd5 15. dxe5 f4 16. cxd5 cxd5 17. Bd4 Ba6 18. Qc6 Bxe2 {½-½ (28) Ding,L (2773)-Giri,A (2785) Moscow 2017}) 8... exd5 9. Nc3 c6 10. Qc2 {The position is equal.} Re8 11. Nh4 $146 ({Predecessor:} 11. Bf4 Nf8 12. Bg5 g6 13. Bxf6 Bxf6 14. b4 Bf5 15. Qb3 a6 16. a4 Nd7 17. a5 Nf8 18. e3 Ne6 19. Ne5 Nc7 {½-½ (41) Kazakovskiy,V (2399)-Bok,B (2594) St Petersburg 2016}) 11... Nb6 12. b3 Ne4 13. Nxe4 dxe4 14. Qxe4 Bxh4 15. Qxh4 Qxh4 16. gxh4 Rxe2 17. Be3 Bf5 18. Rfc1 Rd8 19. Rc5 Nd5 20. Bxd5 Rxd5 21. Rxd5 cxd5 $15 {[%mdl 4096] Endgame KRB-KRB} 22. h3 (22. Kg2 $15) 22... Bxh3 $17 23. Rc1 Rxa2 24. Rc7 b6 25. Bf4 h5 26. Rb7 Rb2 27. Rxa7 Rxb3 28. Bd6 Be6 29. Ra4 Rc3 30. Rb4 Rc6 31. Be7 Bd7 32. Kg2 {[#]} b5 $1 33. Kf3 (33. Rxb5 Rg6+) 33... Rc3+ 34. Kg2 Kh7 35. Rb2 Kg6 36. Re2 (36. f3 $17 {was necessary.}) 36... Rd3 $19 37. Bc5 Rh3 38. Re7 Bf5 39. Rb7 Rxh4 40. Rxb5 (40. f3 $142) 40... Rg4+ 41. Kf3 h4 42. Rb8 (42. Rb1 {was called for.}) 42... h3 43. Rh8 Rg2 44. Ke2 h2 {Strongly threatening ...Bg4+.} 45. Kf3 Be4+ 46. Ke3 {[#]} Rxf2 $1 {[%mdl 512] Black mates.} 47. Kxf2 h1=Q 48. Rxh1 Bxh1 {KB-KB} 49. Bf8 f6 50. Be7 Kf7 51. Bd8 g5 52. Kg3 Kg6 53. Kh2 Be4 54. Kg3 Bd3 55. Kf3 Bb5 56. Ke3 f5 {[%cal Bf6f5,Bf5f4][%mdl 32]} 57. Kf3 f4 {Precision: White = 30%, Black = 84%.} 0-1

[Event "XII Americas Continental-ch 2017"]
[Site "Medellin"]
[Date "2017.06.11"]
[Round "2"]
[White "Cortes Orihuela, Javier"]
[Black "Cruz, Cristhian"]
[Result "0-1"]
[WhiteElo "2235"]
[BlackElo "2558"]
[Annotator "TA"]
[PlyCount "70"]
[EventDate "2017.??.??"]
[EventType "swiss"]
[EventCountry "COL"]
[SourceTitle "playchess.com"]
[Source "ChessBase"]
[SourceQuality "1"]

{[%evp 14,70,34,31,28,33,30,35,37,41,36,26,51,51,51,51,51,43,51,52,67,74,79,72,92,24,14,20,37,37,273,265,314,329,325,329,320,333,310,247,277,0,-14,0,-15,-268,-277,-276,-284,-280,-284,-272,-287,-267,-281,-469,-481,-2377,-2332]} 1. d4 e6 2. c4 Nf6 3. g3 Bb4+ 4. Bd2 a5 5. Bg2 d6 6. Nf3 Nbd7 7. O-O e5 8. Be3 exd4 {E11: Bogo-Indian} (8... O-O 9. Qc2 exd4 10. Bxd4 Re8 11. Nc3 c6 12. Rad1 Qe7 13. a3 Bc5 14. Rfe1 h6 15. e4 Bxd4 16. Nxd4 {½-½ (70) Postny,E (2616)-Van Wely,L (2685) Novi Sad 2016}) 9. Bxd4 O-O 10. Nc3 Bc5 {White is slightly better.} 11. Qc2 Re8 12. Rad1 Qe7 13. e4 $146 ({Predecessor:} 13. Rfe1 c6 14. Na4 Bb4 15. Nd2 Ra6 16. a3 {1-0 (45) Gunina,V (2516)-Guichard,P (2338) Reykjavik 2015}) 13... Bxd4 14. Nxd4 Nc5 15. Rfe1 Bg4 16. f3 {[%cal Bf2f3,Bf3f4,Bf4e5][%mdl 32] Strongly threatening e5.} Bd7 17. h3 {[%cal Bh2h3,Bh3h4][%mdl 32]} Rad8 18. f4 Bc8 19. e5 (19. Nd5 $16 Nxd5 20. cxd5) 19... dxe5 $11 20. fxe5 Nfd7 21. Nd5 $36 {[%mdl 2048] White has some pressure.} Qg5 $2 {[#]} (21... Qf8 $1 $14) 22. h4 $1 $18 {[%cal Rh4g5]} Qg4 ({Much weaker is} 22... Qxg3 $6 23. Nf5 $16) 23. Nf5 ({Stronger than} 23. Nxc7 Rxe5 24. Ne2 Rf8 $15) 23... Kh8 24. Nxc7 Rf8 25. Rd4 Qg6 26. Rd6 Ne6 27. Nxe6 $2 (27. Nd5 $18 Ndc5 28. b3) 27... fxe6 $11 28. Nd4 {Black must now prevent Qxg6.} Qxg3 29. Qc3 $2 {[%mdl 8192]} (29. Qe2 $11 {and White has nothing to worry.} Rde8 30. Rxe6) 29... Qf2+ $19 30. Kh1 Qxh4+ 31. Kg1 Qf2+ 32. Kh1 {[#]} Nxe5 $1 {[%mdl 512]} 33. Rxd8 (33. Rxe5 Rxd6) 33... Rxd8 34. Rxe5 $2 (34. Rf1 Qh4+ 35. Kg1) 34... Rxd4 35. Rc5 (35. Qe3 $142 Rh4+ 36. Bh3 Qxb2 37. Rb5) 35... Rh4+ {Precision: White = 46%, Black = 62%.} 0-1

[Event "XII Americas Continental-ch 2017"]
[Site "Medellin"]
[Date "2017.06.11"]
[Round "2"]
[White "Rodriguez Rivera, Pedro"]
[Black "Bacallao Alonso, Yusnel"]
[Result "0-1"]
[WhiteElo "2228"]
[BlackElo "2554"]
[Annotator "TA"]
[PlyCount "119"]
[EventDate "2017.??.??"]
[EventType "swiss"]
[EventCountry "COL"]
[SourceTitle "playchess.com"]
[Source "ChessBase"]
[SourceQuality "1"]

{[%evp 18,119,-21,-35,-24,-58,-53,-56,-68,-66,-78,-60,-61,-75,-34,-32,-36,-43,0,0,0,-14,0,0,0,0,0,0,0,0,0,0,0,0,0,-20,-17,-25,-26,-18,-17,-34,-34,-34,-34,-35,-18,-18,-22,-34,-27,-27,-27,-27,-28,-33,-27,-91,-98,-104,-88,-95,-88,-106,-115,-118,-44,-50,-56,-231,-247,-448,-438,-460,-193,-195,-173,-197,-149,-197,-156,-168,-160,-154,-160,-206,-183,-209,-204,-207,-216,-220,-226,-226,-226,-226,-222,-265,-264,-241,-226,-820,-775,-1150]} 1. d4 Nf6 2. Nf3 d5 3. Bf4 c5 4. e3 Nc6 5. c3 Qb6 6. Qc1 Bf5 7. Be2 e6 {D02: 1 d4 d5 2 Nf3 sidelines, including 2...Nf6 3 g3 and 2...Nf6 3 Bf4} (7... h6 8. O-O e6 9. Nbd2 Rc8 10. Bd1 Be7 11. Bc2 Bxc2 12. Qxc2 O-O 13. Qb3 Nh5 14. Be5 Rfd8 15. Rfe1 {1-0 (133) Nikolic,P (2623)-Ibarra Jerez,J (2513) Budva 2009}) 8. h3 Rc8 9. O-O Be7 10. Nbd2 {LiveBook: 3 Games} O-O 11. Ne5 cxd4 {aiming for ...Nxe5.} 12. Nxc6 bxc6 13. exd4 c5 14. dxc5 Bxc5 15. Nb3 $146 Be7 16. Qe3 Qb7 17. Bd3 {[#]} d4 $1 {[%mdl 512]} 18. cxd4 (18. Nxd4 Nd5) 18... Nd5 19. Be4 Rc2 20. Bxd5 Qxd5 21. Rfc1 Rxb2 22. Rc7 Bf6 23. Rxa7 h6 24. Ra5 Qe4 25. Qxe4 Bxe4 26. Rd1 Bd5 27. Rd2 Rb1+ 28. Kh2 Rc8 29. Rc5 Ra8 30. Rc1 Rxc1 31. Nxc1 Ra3 32. Bd6 Ra6 33. Bf4 g5 {[%mdl 1024] Black has compensation.} 34. Be5 Be7 35. Rc2 f6 36. Bg3 Ra4 37. Rc8+ (37. Nb3 $11 {keeps the balance.}) 37... Kf7 38. Rc7 {Bd6 is the strong threat.} Ke8 $1 39. Rc8+ Kd7 $1 {[%cal Rd7c8]} 40. Rh8 Rxd4 {White must now prevent ...Rd2.} 41. Rxh6 {[#]} Rd2 (41... f5 $1 $17 {[%cal Rf5f4] Strongly threatening ...f4.} 42. Be5 Rd2) 42. h4 $1 $15 gxh4 43. Bxh4 $2 {[#]} (43. Rxh4 $15 Ba3 44. Rh7+ Ke8 45. Nb3 Rxa2 46. Nd4) 43... Bd6+ $1 $19 44. Bg3 $2 (44. Kh3 {is the only way for White.} f5 45. Rh7+ Kc6 46. Ra7) 44... Rxf2 $1 45. Bxd6 Kxd6 {[%mdl 4096] Endgame KRB-KRN} (45... Rxg2+ $142 46. Kh3 Kxd6) 46. Rg6 Be4 47. Rg3 Rc2 48. Nb3 Rxa2 {And now ...e5 would win.} 49. Nd4 Ke5 50. Nf3+ Kf4 51. Ng1 f5 52. Nh3+ Ke5 53. Kg1 Bd5 54. Nf2 Ra1+ 55. Kh2 Rf1 56. Nh3 Kd4 57. Rg8 e5 {[%cal Be6e5,Be5e4][%mdl 32]} 58. Rb8 f4 59. Rb2 $2 (59. Rf8) 59... e4 60. Rb8 {Precision: White = 53%, Black = 57%.} 0-1

[Event "XII Americas Continental-ch 2017"]
[Site "Medellin"]
[Date "2017.06.11"]
[Round "2"]
[White "Herrera, Juan Sebastian"]
[Black "Ramirez, Alejandro"]
[Result "0-1"]
[WhiteElo "2220"]
[BlackElo "2552"]
[Annotator "TA"]
[PlyCount "86"]
[EventDate "2017.??.??"]
[EventType "swiss"]
[EventCountry "COL"]
[SourceTitle "playchess.com"]
[Source "ChessBase"]
[SourceQuality "1"]

{[%evp 9,86,31,49,50,39,40,25,10,27,18,27,5,21,-18,-14,-15,-15,-58,-33,-29,0,-7,0,-87,-59,-79,-43,-104,-81,-91,-81,-83,-74,-66,-60,-75,-17,-103,-102,-160,-120,-121,0,-159,-143,-320,-326,-312,-302,-304,-333,-390,-251,-329,-307,-295,-187,-491,-261,-247,-246,-283,-270,-252,-253,-654,-645,-912,-906,-813,-790,-1083,-874,-799,-857,-864,-805,-1468,-1398]} 1. d4 d6 2. Nf3 Nf6 3. c4 g6 4. Nc3 Bf5 5. Qb3 Qc8 6. Nh4 {E61: King's Indian: Early deviations for White, including Smyslov System} Bd7 7. e4 Bg7 (7... Nc6 8. Nf3 e5 9. d5 Nd4 10. Qd1 Bg4 11. Be3 Bxf3 12. gxf3 Bg7 13. f4 {½-½ (47) Wang,H (2734)-Svidler,P (2759) Almaty 2016}) 8. h3 {White has an edge.} O-O 9. Nf3 e5 10. d5 Nh5 $146 ({Predecessor:} 10... Na6 11. Be3 Nh5 12. O-O-O f5 {½-½ (63) Gonzalez Gonzalez,A (1995)-Garcia del Rey,S (2273) Oviedo 2007}) 11. c5 dxc5 12. Be3 b6 13. O-O-O c6 14. Kb1 cxd5 15. exd5 Na6 16. Bb5 (16. Ng5 $11) 16... Nc7 17. Be2 Nf4 18. Bf1 (18. Bxf4 $15 exf4 19. d6) 18... Qb7 19. Bxc5 Bf5+ 20. Ka1 Rfd8 {[%cal Rc7d5]} 21. Be7 Rd7 22. d6 Be6 (22... Nce6 $17) 23. Qa4 {[#]} ({Of course not} 23. dxc7 Rxe7 24. Bc4 (24. Rd8+ Re8 $17) 24... Rxc7 $17) (23. Qa3 $11 Rc8 24. Rc1) 23... b5 $1 $17 {[%cal Rb5a4]} 24. Qa5 (24. Bxb5 $142 Nxb5 25. Qxb5) 24... a6 25. Ng5 Bf5 (25... Rc8 $17 {...Ncd5 is the strong threat.} 26. Rg1 Ncd5 27. Nxd5 Bxd5) 26. f3 $2 (26. dxc7 $11 Rxe7 27. Rd8+ Bf8 28. Bxb5 Qxg2 29. Rhd1) 26... Ncd5 27. g4 $2 (27. Nxd5 $17 Nxd5 28. Be2) 27... Nxe7 $19 28. dxe7 Rxd1+ 29. Nxd1 Qxe7 30. h4 Qd8 $40 {[%cal Rd8d1][%mdl 128] Black has strong attack.} 31. Qe1 Rc8 {[%cal Rc8c1]} 32. Nc3 Bd3 33. a3 $2 {[#]} (33. Bxd3 {is tougher.} Qxd3 34. Qe4) 33... Bc2 (33... e4 $142 $1 {[%mdl 512]} 34. Ngxe4 (34. Ncxe4 Qe7) 34... Bxe4 35. fxe4 Qe7) 34. Rh2 Bb3 35. Nge4 Qe7 36. h5 f5 37. Nd2 $2 {[#]} (37. gxf5 gxf5 38. Ng3) 37... Rxc3 $1 {[%mdl 512] Black is clearly winning.} 38. hxg6 (38. bxc3 Qxa3+) 38... e4 39. gxh7+ Kh8 {( -> ...Qxa3+!)} 40. Nb1 Rc8 {And now ...e3 would win.} 41. Qe3 Bf7 42. gxf5 Qe5 43. fxe4 {[#]} Nd3 $1 {[%mdl 512] Precision: White = 23%, Black = 59%.} 0-1

[Event "XII Americas Continental-ch 2017"]
[Site "Medellin"]
[Date "2017.06.11"]
[Round "2"]
[White "Brizuela Abreu, Reivis Gabriel"]
[Black "Kaidanov, Gregory S"]
[Result "0-1"]
[WhiteElo "2219"]
[BlackElo "2550"]
[Annotator "TA"]
[PlyCount "60"]
[EventDate "2017.??.??"]
[EventType "swiss"]
[EventCountry "COL"]
[SourceTitle "playchess.com"]
[Source "ChessBase"]
[SourceQuality "1"]

{[%evp 21,60,0,0,0,0,0,0,0,22,-45,-47,-50,-47,-52,-36,-91,-87,-87,-16,-88,-88,-112,-90,-268,-261,-240,-246,-305,-146,-143,-137,-148,-152,-152,-150,-139,-147,-130,-126,-29998,-29999]} 1. d4 d5 2. c4 e6 3. Nf3 Nf6 4. Nc3 c6 5. e3 Nbd7 6. Qc2 Bd6 7. Be2 O-O 8. b3 b6 9. Bb2 Bb7 10. O-O Re8 11. Rfd1 Qe7 12. e4 {D45: Semi-Slav: 5 e3} (12. Rac1 Rad8 13. a3 c5 14. cxd5 exd5 15. Qf5 a6 16. dxc5 bxc5 17. Bf1 Ne5 18. Nxe5 Bxe5 19. Na4 Bxb2 20. Nxb2 {0-1 (33) Mareco,S (2635)-Artemiev,V (2653) Doha 2016}) 12... Nxe4 13. Nxe4 dxe4 14. Qxe4 {The position is equal.} Nf8 15. Ne5 (15. c5 $11 bxc5 16. Ne5 (16. dxc5 Bxc5 17. Ne5 f6 $11)) 15... c5 $1 $15 16. Qe3 f6 {aiming for ...cxd4.} 17. Nf3 Rad8 18. Qc3 $146 ({Better is} 18. a3 $15) ({Predecessor:} 18. Bd3 Bxf3 19. Qxf3 cxd4 {0-1 (38) Dragomarezkij,E (2445)-Zvjaginsev,V (2400) Moscow 1991}) 18... Ng6 19. g3 e5 ({Black should play} 19... Qc7 $17) 20. dxc5 (20. d5 $11 {remains equal.}) 20... bxc5 $17 21. Ne1 e4 {[%cal Be5e4,Be4e3][%mdl 32]} 22. f4 $2 {[#]} (22. Qe3 $17) 22... e3 $1 $19 23. Qc2 {[#]} Bxf4 $1 {[%mdl 512]} 24. gxf4 Rd2 ({But not} 24... Nxf4 25. Rxd8 Rxd8 26. Rd1 $17) (24... Rxd1 $19 {and Black stays clearly on top.} 25. Bxd1 Nxf4) 25. Rxd2 $17 exd2 26. Qxd2 {Hoping for Bf1.} Qxe2 27. Qxe2 Rxe2 28. Ba3 Nxf4 {( -> ...Nh3+)} 29. Bxc5 a6 30. Bd6 $2 {[%mdl 8192]} (30. a4 $17) 30... Nh3+ {Precision: White = 27%, Black = 53%.} 0-1

[Event "XII Americas Continental-ch 2017"]
[Site "Medellin"]
[Date "2017.06.11"]
[Round "3"]
[White "Iturrizaga Bonelli, Eduardo"]
[Black "Barrientos, Sergio E"]
[Result "1-0"]
[WhiteElo "2663"]
[BlackElo "2463"]
[Annotator "TA"]
[PlyCount "109"]
[EventDate "2017.??.??"]
[EventType "swiss"]
[EventCountry "COL"]
[SourceTitle "playchess.com"]
[Source "ChessBase"]
[SourceQuality "1"]

{[%evp 12,109,7,10,22,20,28,7,29,10,8,14,14,13,0,0,11,32,27,4,20,14,25,31,25,22,56,52,72,31,62,38,39,42,79,42,97,89,156,95,98,52,74,84,66,76,81,101,161,139,297,288,417,412,397,405,415,398,401,389,394,428,427,407,425,419,419,334,435,429,408,409,662,314,739,687,29977,29978,29978,29979,29979,29979,29980,29981,29976,5393,29967,29968,29968,29969,29969,29972,29970,29971,29970,29974,29973,2018,29975,29976]} 1. c4 Nf6 2. Nc3 e6 3. Nf3 Bb4 4. Qc2 d6 5. g3 O-O 6. Bg2 e5 7. O-O {LiveBook: 4 Games} Bxc3 {A22: English Opening: 1...e5 2 Nc3 Nf6} 8. Qxc3 a5 $146 ({Predecessor:} 8... Re8 9. d3 Nc6 10. b4 Bg4 11. b5 Bxf3 12. exf3 {½-½ (35) Iturrizaga Bonelli,E (2625)-Pena Gomez,M (2462) Linares 2015}) 9. b3 (9. d4 $5 {[%cal Rd4e5]}) 9... Re8 {The position is equal.} 10. Bb2 (10. d4 $5 {[%cal Rd4e5]}) 10... Nc6 11. d3 {[%cal Bd2d3,Bd3d4,Bd4d5][%mdl 32]} Bg4 12. Rfe1 Qd7 13. a3 Bh3 (13... Bxf3 $5 14. Bxf3 Nd4 $11) 14. Bh1 Qg4 15. e4 Qh5 16. d4 Bg4 {Threatening ...Bxf3.} 17. d5 Ne7 18. Nd2 c6 19. b4 Rec8 20. Qb3 a4 21. Qd3 cxd5 22. cxd5 Qg6 23. Nc4 {aiming for Nb6.} Rd8 (23... Nfxd5 $1 $14 24. Bg2 Bh3) 24. Qe3 $16 Nd7 ({Better is} 24... b5) 25. Na5 (25. Bg2 $142) 25... f5 26. Nxb7 Rdb8 {Hoping for ...f4.} 27. Na5 $1 {[%cal Ra5c6]} Rxa5 28. bxa5 {And now Bc3 would win.} Rxb2 29. Rab1 {[#]} Rxb1 (29... f4 $1 $16 {[%mdl 512]} 30. Qa7 (30. gxf4 Bd1+) 30... Rc2) 30. Rxb1 $18 Nc5 $2 {[#]} (30... Qe8 $16 {is a better defense.}) 31. a6 $1 {[%cal Ra6a7][%mdl 512]} Nc8 (31... Nxa6 {was worth a try.} 32. Qa7 fxe4) 32. Rb8 f4 {[#]} 33. Qxc5 $1 {[%mdl 512]} dxc5 34. a7 $1 fxg3 35. hxg3 Qh6 {[#]} 36. Rxc8+ $1 {[%mdl 512]} Bxc8 37. a8=Q Qa6 38. Qb8 c4 39. Qc7 h6 40. Bf3 Bh3 {Black hopes to continue with ...Qc8.} 41. Be2 Qb5 (41... Qc8 $142 42. Qxc4 Qxc4 43. Bxc4 g5) 42. Qxc4 (42. Bxc4 $142 Qe8 43. Be2) 42... Qb2 $2 (42... Qb1+ 43. Kh2 Bd7 44. d6+ Kh7) 43. g4 {Strongly threatening d6+.} h5 44. d6+ {[%cal Bd5d6,Bd6d7][%mdl 32]} Kh7 45. Qd3 Qc1+ 46. Qd1 Qc8 47. d7 Qd8 48. Qd6 (48. Qd5 $142 Bxg4 49. Bxg4 hxg4 50. Qf7 Kh6 51. Qe8 Qa5 52. Kg2 Qe1 53. Qe6+ g6 54. Qxe5) 48... hxg4 49. Qxe5 Qxd7 50. Qh5+ Kg8 51. Bc4+ Kf8 52. Qh8+ Ke7 53. Qxg7+ Kd8 54. Qxd7+ Kxd7 55. Bf1 {Precision: White = 68%, Black = 25%.} 1-0